| Tag |
First Indicator |
Second Indicator |
Subfields |
| LEADER |
00000cam a2200000 4500 |
| 001 |
in00000023047 |
| 005 |
20151007064243.0 |
| 008 |
791207s1951 fr af b 001 0 frema |
| 010 |
|
|
|a agr51000047
|
| 035 |
|
|
|a (OCoLC)05774133
|
| 035 |
|
|
|9 AAD9418AM
|
| 040 |
|
|
|a DLC
|c CRU
|d TXA
|d UtOrBLW
|
| 049 |
|
|
|a TXAM
|c [293814]
|
| 050 |
0 |
0 |
|a SB931
|b .B34
|
| 082 |
0 |
|
|a 632.7
|
| 092 |
|
|
|a 632.7
|b B171
|
| 100 |
1 |
|
|a Balachowsky, A.
|q (Alfred),
|d 1901-
|
| 245 |
1 |
3 |
|a La lutte contre les insectes ;
|b principes methods, applications avec 57 figures et 8 planches hors-texte /
|c Pref. de Jacques Trefouel.
|
| 264 |
|
1 |
|a Paris :
|b Payot,
|c 1951.
|
| 300 |
|
|
|a 380 pages, 8 pages of plates :
|b illustrations ;
|c 23 cm.
|
| 336 |
|
|
|a text
|b txt
|2 rdacontent
|
| 337 |
|
|
|a unmediated
|b n
|2 rdamedia
|
| 338 |
|
|
|a volume
|b nc
|2 rdacarrier
|
| 490 |
0 |
|
|a Bibliotheque scientifique
|
| 504 |
|
|
|a Includes bibliographical references (pages 356-358) and index.
|
| 650 |
|
0 |
|a Insect pests.
|
| 650 |
|
0 |
|a Insecticides.
|
| 999 |
|
|
|a MARS
|
| 999 |
f |
f |
|s be4731aa-f26a-3043-b197-37b69f471bcf
|i aacdcb55-fdd6-360c-a2b9-0beb580e1879
|t 0
|
| 952 |
f |
f |
|p ric
|a Texas A&M University
|b Rellis Campus
|c Joint Library Facility
|d Remote Storage
|t 0
|e SB931 .B34
|h Library of Congress classification
|i unmediated -- volume
|m A14801070487
|
| 998 |
f |
f |
|a SB931 .B34
|t 0
|l Remote Storage
|